[Event "14. Abierto de la Constitucion"]
[Site "San Sebastian delos Reyes ESP"]
[Date "2012.12.03"]
[Round "3.8"]
[White "Bustos Serrano, Doroteo"]
[Black "Largo Barbero, Benito"]
[Result "1-0"]
[WhiteElo "2098"]
[BlackElo "1871"]
[PlyCount "65"]
[EventDate "2012.12.01"]
[EventType "swiss"]
[EventRounds "9"]
[EventCountry "ESP"]
[Source "lmi"]
[SourceDate "2012.12.01"]

1. e4 e6 2. d4 d5 3. e5 c5 4. c3 Nc6 5. Nf3 Qb6 6. a3 Bd7 7. b4 c4 8. h4 a5 9.
Bb2 Be7 10. Nbd2 f6 11. g3 Nd8 12. Bh3 Nf7 13. O-O a4 14. exf6 gxf6 15. Re1 Kd8
16. Qe2 Ra6 17. Rad1 Ngh6 18. Nf1 Re8 19. Ne3 Bd6 20. Qc2 f5 21. Bc1 Rg8 22.
Ne5 Bxe5 23. dxe5 f4 24. Nxd5 exd5 25. Bxd7 fxg3 26. Be3 gxf2+ 27. Kxf2 Qg6 28.
Qxg6 Raxg6 29. Rxd5 Kc7 30. Bf4 Ng4+ 31. Bxg4 Rxg4 32. Kf3 Nxe5+ 33. Rdxe5 1-0

[Event "14. Abierto de la Constitucion"]
[Site "San Sebastian delos Reyes ESP"]
[Date "2012.12.03"]
[Round "3.9"]
[White "Esquivias Gomez, Francisco J"]
[Black "Martinez Montalvo, Eduardo"]
[Result "1/2-1/2"]
[WhiteElo "1981"]
[BlackElo "1800"]
[PlyCount "54"]
[EventDate "2012.12.01"]
[EventType "swiss"]
[EventRounds "9"]
[EventCountry "ESP"]
[Source "lmi"]
[SourceDate "2012.12.01"]

1. e4 d5 2. exd5 Nf6 3. d4 Nxd5 4. Be2 Nc6 5. Nf3 Bg4 6. O-O e6 7. h3 Bh5 8. b3
Be7 9. c4 Nb6 10. Bb2 O-O 11. Na3 Nb4 12. Ne5 Bxe2 13. Qxe2 Nd7 14. f4 Nxe5 15.
fxe5 c5 16. Rad1 cxd4 17. Bxd4 a6 18. Kh1 Qc7 19. Nc2 Nxc2 20. Qxc2 Rad8 21.
Qf2 Qc6 22. Bb6 Rxd1 23. Rxd1 Rc8 24. a4 h6 25. Rf1 Qe8 26. Rd1 Qc6 27. Rf1 Qe8
1/2-1/2

[Event "14. Abierto de la Constitucion"]
[Site "San Sebastian delos Reyes ESP"]
[Date "2012.12.03"]
[Round "3.10"]
[White "Gonzalez Mateo, Jose Luis"]
[Black "Garcia-Ruiz Fuentes, Angel M"]
[Result "0-1"]
[WhiteElo "1796"]
[BlackElo "1968"]
[PlyCount "132"]
[EventDate "2012.12.01"]
[EventType "swiss"]
[EventRounds "9"]
[EventCountry "ESP"]
[Source "lmi"]
[SourceDate "2012.12.01"]

1. d4 Nf6 2. Bg5 c5 3. Bxf6 gxf6 4. d5 Qb6 5. Qc1 f5 6. c4 Bh6 7. e3 f4 8. Nc3
fxe3 9. fxe3 d6 10. Nf3 Rg8 11. Qd2 Bf5 12. Nh4 Bg6 13. Nxg6 hxg6 14. Bd3 Nd7
15. O-O-O Ne5 16. h3 Qb4 17. Qe2 a6 18. Kc2 b5 19. a3 Qa5 20. cxb5 Nxd3 21.
Qxd3 axb5 22. Qxb5+ Qxb5 23. Nxb5 Ra5 24. Nc3 Bxe3 25. Rhe1 Bd4 26. Re4 Kd7 27.
Rf1 f5 28. Rh4 Bf6 29. Rh7 Rh8 30. Rxh8 Bxh8 31. g4 fxg4 32. hxg4 Bxc3 33. Kxc3
Ra4 34. Ra1 Rxg4 35. a4 Rg5 36. a5 Kc7 37. a6 Kb8 38. a7+ Ka8 39. Kc4 Rg4+ 40.
Kb5 Rb4+ 41. Kc6 Rxb2 42. Re1 Rb7 43. Rg1 g5 44. Rxg5 Kxa7 45. Rg7 Rb6+ 46. Kc7
Ka6 47. Rxe7 Kb5 48. Re1 Ra6 49. Kb7 Ra4 50. Re6 Rd4 51. Rxd6 c4 52. Kc7 Kc5
53. Rc6+ Kxd5 54. Kb6 Rd3 55. Rc8 Rb3+ 56. Ka5 Kd4 57. Ka4 Rb7 58. Ka3 c3 59.
Rd8+ Ke3 60. Rc8 Kd2 61. Rd8+ Kc1 62. Rc8 Kc2 63. Rc6 Ra7+ 64. Kb4 Kb2 65. Kc4
c2 66. Kd3 c1=Q 0-1

[Event "14. Abierto de la Constitucion"]
[Site "San Sebastian delos Reyes ESP"]
[Date "2012.12.03"]
[Round "3.11"]
[White "Gomez Ferrer, Jesus"]
[Black "Alvarez Gonzalez, Eduardo"]
[Result "1-0"]
[WhiteElo "1968"]
[BlackElo "1783"]
[PlyCount "89"]
[EventDate "2012.12.01"]
[EventType "swiss"]
[EventRounds "9"]
[EventCountry "ESP"]
[Source "lmi"]
[SourceDate "2012.12.01"]

1. e4 c6 2. d4 d5 3. e5 Bf5 4. Nf3 e6 5. c3 Nd7 6. Bd3 Ne7 7. O-O Bxd3 8. Qxd3
Nf5 9. Re1 Be7 10. Nbd2 O-O 11. Nf1 c5 12. Ne3 Nxe3 13. Bxe3 Rc8 14. Nd2 cxd4
15. cxd4 Qc7 16. Rac1 Qxc1 17. Rxc1 Rxc1+ 18. Nf1 Rc7 19. g3 Nb8 20. h4 Nc6 21.
h5 f5 22. Nh2 Nd8 23. Kg2 Nf7 24. Nf3 Rfc8 25. a4 Bb4 26. Qb5 Be7 27. Bd2 h6
28. Ba5 b6 29. Bc3 Ng5 30. Nxg5 Bxg5 31. a5 Rc6 32. axb6 axb6 33. Qd3 Rc4 34.
f4 Be7 35. g4 Rf8 36. Kg3 Bb4 37. Bxb4 Rxb4 38. b3 Rf7 39. Qc3 Rb5 40. gxf5
exf5 41. b4 Ra7 42. Qc8+ Kh7 43. Qxf5+ Kg8 44. Qe6+ Kh7 45. Qg6+ 1-0

[Event "14. Abierto de la Constitucion"]
[Site "San Sebastian delos Reyes ESP"]
[Date "2012.12.03"]
[Round "3.12"]
[White "Cerrato Torrijos, Maria"]
[Black "Infante Martin, Alonso"]
[Result "1-0"]
[WhiteElo "2124"]
[BlackElo "1495"]
[PlyCount "86"]
[EventDate "2012.12.01"]
[EventType "swiss"]
[EventRounds "9"]
[EventCountry "ESP"]
[Source "lmi"]
[SourceDate "2012.12.01"]

1. e4 e5 2. Nf3 Nc6 3. Bc4 Bc5 4. c3 Bb6 5. d4 Qe7 6. O-O d6 7. a4 a6 8. d5 Nb8
9. a5 Ba7 10. Nbd2 Nf6 11. Re1 O-O 12. Nf1 Nbd7 13. Ng3 g6 14. Bg5 Kh8 15. h3
Qe8 16. Bh6 Rg8 17. Qd2 b5 18. axb6 Bxb6 19. Qg5 Nh5 20. Nxh5 gxh5 21. Qxh5 Rg6
22. Nh4 Rg8 23. Nf5 Nf6 24. Qh4 Rg6 25. Bg7+ Rxg7 26. Nxg7 Qg8 27. Qxf6 Qxg7
28. Qxg7+ Kxg7 29. b4 a5 30. Ra3 Bb7 31. Rea1 Rf8 32. bxa5 Ba7 33. a6 Bc8 34.
Bd3 f5 35. exf5 Bxf5 36. Bxf5 Rxf5 37. R1a2 e4 38. c4 Re5 39. Re2 h5 40. Rb3
Bb6 41. Rxb6 cxb6 42. a7 Re8 43. Rxe4 Rxe4 1-0

[Event "14. Abierto de la Constitucion"]
[Site "San Sebastian delos Reyes ESP"]
[Date "2012.12.03"]
[Round "3.14"]
[White "Cavalle Pulla, Juan"]
[Black "Vukotic Jovsic, Dragan"]
[Result "0-1"]
[WhiteElo "1557"]
[BlackElo "2010"]
[PlyCount "84"]
[EventDate "2012.12.01"]
[EventType "swiss"]
[EventRounds "9"]
[EventCountry "ESP"]
[Source "lmi"]
[SourceDate "2012.12.01"]

1. e4 e6 2. d4 d5 3. e5 c5 4. c3 Qb6 5. Nf3 Bd7 6. Qb3 c4 7. Qxb6 axb6 8. g3 b5
9. Bh3 b4 10. cxb4 Bxb4+ 11. Nc3 Ba4 12. O-O Nc6 13. Bd2 Bxc3 14. bxc3 Bc2 15.
Bg5 Ra3 16. Bd2 Nge7 17. Rfc1 Be4 18. Kg2 Nxd4 19. cxd4 Rxf3 20. Kg1 Nc6 21.
Be3 b5 22. Bg4 Rf5 23. Bxf5 Bxf5 24. a3 Na5 25. Ra2 Nb3 26. Rc3 Kd7 27. f3 Ra8
28. g4 Bd3 29. Bd2 Nxd4 30. Rxd3 cxd3 31. Kf2 Nc2 32. f4 Kc6 33. f5 Rxa3 34.
Rxa3 Nxa3 35. Ke3 Nc4+ 36. Kxd3 Nxd2 37. Kxd2 d4 38. Kd3 Kd5 39. fxe6 fxe6 40.
Kc2 b4 41. Kb3 d3 42. Kb2 Kxe5 0-1

[Event "14. Abierto de la Constitucion"]
[Site "San Sebastian delos Reyes ESP"]
[Date "2012.12.03"]
[Round "3.15"]
[White "Jimenez Perez, Federico"]
[Black "Minguela Muñoz, Bienvenido"]
[Result "0-1"]
[WhiteElo "1275"]
[BlackElo "1898"]
[PlyCount "74"]
[EventDate "2012.12.01"]
[EventType "swiss"]
[EventRounds "9"]
[EventCountry "ESP"]
[Source "lmi"]
[SourceDate "2012.12.01"]

1. e4 c5 2. Nf3 Nc6 3. d4 cxd4 4. Nxd4 Qb6 5. Nxc6 bxc6 6. Nc3 e5 7. Bc4 Nf6 8.
O-O Be7 9. Bb3 O-O 10. Re1 d6 11. Be3 Qc7 12. Bg5 Ng4 13. Bxe7 Qxe7 14. h3 Nf6
15. Re3 Be6 16. Rg3 Rad8 17. Qf3 d5 18. Rd1 d4 19. Na4 Bxb3 20. axb3 Kh8 21. c3
c5 22. b4 cxb4 23. c4 g6 24. c5 Nh5 25. Rg4 f5 26. c6 fxg4 27. Qxg4 Qf6 28. Rf1
Qxc6 29. b3 Rf4 30. Qg5 Rdf8 31. Qxe5+ Qf6 32. Qd5 Ng3 33. Re1 Rxf2 34. e5 Qf4
35. e6 Ne2+ 36. Kh1 Rf1+ 37. Rxf1 Qxf1+ 0-1

[Event "14. Abierto de la Constitucion"]
[Site "San Sebastian delos Reyes ESP"]
[Date "2012.12.03"]
[Round "3.16"]
[White "De La Orden Alcocer, Alejandro"]
[Black "San Felipe Gonzalez, Tomas"]
[Result "1-0"]
[WhiteElo "1895"]
[BlackElo "1646"]
[PlyCount "89"]
[EventDate "2012.12.01"]
[EventType "swiss"]
[EventRounds "9"]
[EventCountry "ESP"]
[Source "lmi"]
[SourceDate "2012.12.01"]

1. c4 e5 2. Nc3 Nc6 3. g3 Nf6 4. Bg2 Bc5 5. e3 O-O 6. Nge2 d6 7. a3 a6 8. O-O
Bg4 9. b4 Bb6 10. b5 axb5 11. cxb5 Na5 12. d3 Qd7 13. Re1 Rfe8 14. Bd2 Be6 15.
Rb1 d5 16. Na4 Qd6 17. Bb4 Qd7 18. Nxb6 cxb6 19. a4 Rec8 20. Qd2 Ne8 21. Rec1
Rxc1+ 22. Qxc1 d4 23. Qa3 dxe3 24. fxe3 Rc8 25. Rc1 Nf6 26. Rxc8+ Qxc8 27. Qc1
Ng4 28. Qxc8+ Bxc8 29. Bh3 Be6 30. e4 h5 31. Bd6 Nb3 32. Bc7 Nc5 33. Nc3 Nxd3
34. Bxb6 Kf8 35. a5 Bc8 36. Bf1 Nc1 37. a6 bxa6 38. bxa6 Ke7 39. Na4 Nb3 40.
Bc4 Nd2 41. a7 Bb7 42. Bd5 Nf3+ 43. Kh1 Ba6 44. a8=Q Bf1 45. Qd8# 1-0

[Event "14. Abierto de la Constitucion"]
[Site "San Sebastian delos Reyes ESP"]
[Date "2012.12.03"]
[Round "3.17"]
[White "Dierssen Garcia-Barredo, Guillermo"]
[Black "Martin Rodriguez, Jose Luis"]
[Result "0-1"]
[WhiteElo "1893"]
[BlackElo "1443"]
[PlyCount "40"]
[EventDate "2012.12.01"]
[EventType "swiss"]
[EventRounds "9"]
[EventCountry "ESP"]
[Source "lmi"]
[SourceDate "2012.12.01"]

1. d4 Nf6 2. c4 e6 3. Nc3 Bb4 4. f3 d5 5. a3 Bxc3+ 6. bxc3 b6 7. cxd5 Qxd5 8.
e4 Qd7 9. Bd3 Ba6 10. Bb1 O-O 11. Qc2 Qb5 12. Nh3 Qh5 13. Nf4 Qg5 14. Nxe6 Qg6
15. Nxf8 Kxf8 16. a4 Nc6 17. Ba3+ Kg8 18. Qf2 Nh5 19. e5 Qg5 20. Bc1 Qxc1# 0-1

[Event "14. Abierto de la Constitucion"]
[Site "San Sebastian delos Reyes ESP"]
[Date "2012.12.03"]
[Round "3.18"]
[White "Perez Gonzalez, Jesus Miguel"]
[Black "Alfaya Martinez, Enrique"]
[Result "1-0"]
[WhiteElo "1809"]
[BlackElo "1510"]
[PlyCount "46"]
[EventDate "2012.12.01"]
[EventType "swiss"]
[EventRounds "9"]
[EventCountry "ESP"]
[Source "lmi"]
[SourceDate "2012.12.01"]

1. g3 d5 2. Bg2 Nf6 3. Nf3 c6 4. O-O Bg4 5. d3 Nbd7 6. Nbd2 e5 7. Rb1 Be7 8. h3
Bxf3 9. Nxf3 O-O 10. Nh4 e4 11. Nf5 Re8 12. Nxe7+ Qxe7 13. b4 exd3 14. exd3 a6
15. a4 Qd8 16. b5 axb5 17. axb5 Ra2 18. Be3 Qa8 19. c4 Qa5 20. h4 Ng4 21. Qxg4
Rxe3 22. Qxd7 g6 23. fxe3 Qd2 1-0

[Event "14. Abierto de la Constitucion"]
[Site "San Sebastian delos Reyes ESP"]
[Date "2012.12.03"]
[Round "3.23"]
[White "Herranz Sanchez, Pablo"]
[Black "De Vicente Guijarro, Juan"]
[Result "1-0"]
[WhiteElo "1706"]
[BlackElo "1784"]
[PlyCount "43"]
[EventDate "2012.12.01"]
[EventType "swiss"]
[EventRounds "9"]
[EventCountry "ESP"]
[Source "lmi"]
[SourceDate "2012.12.01"]

1. e4 d6 2. Nf3 Nf6 3. Nc3 e5 4. Bc4 Bg4 5. h3 Be6 6. Bb3 Nbd7 7. d4 Bxb3 8.
axb3 Be7 9. O-O O-O 10. dxe5 Nxe5 11. Bf4 Nfd7 12. Nd5 f5 13. Nxe7+ Qxe7 14.
Qd5+ Kh8 15. Nxe5 c6 16. Nxc6 bxc6 17. Qxd6 Qxd6 18. Bxd6 Rf6 19. e5 Re6 20. f4
Nb6 21. Ra6 Kg8 22. c4 1-0

[Event "14. Abierto de la Constitucion"]
[Site "San Sebastian delos Reyes ESP"]
[Date "2012.12.03"]
[Round "3.25"]
[White "Moset Grande, Javier"]
[Black "Zuazua Conde, Ivan Javier"]
[Result "1-0"]
[WhiteElo "1767"]
[BlackElo "1606"]
[PlyCount "39"]
[EventDate "2012.12.01"]
[EventType "swiss"]
[EventRounds "9"]
[EventCountry "ESP"]
[Source "lmi"]
[SourceDate "2012.12.01"]

1. c4 e6 2. Nc3 d5 3. d4 Nf6 4. e3 c6 5. Nf3 Be7 6. Bd3 Nbd7 7. O-O O-O 8. Qc2
dxc4 9. Bxc4 b5 10. Bd3 a6 11. e4 g6 12. Bf4 Bb7 13. Rad1 Rc8 14. Bg5 Re8 15.
Qd2 Qa5 16. e5 Nd5 17. Nxd5 Qxd2 18. Nxe7+ Kf8 19. Nxg6+ hxg6 20. Bxd2 1-0

[Event "14. Abierto de la Constitucion"]
[Site "San Sebastian delos Reyes ESP"]
[Date "2012.12.03"]
[Round "3.28"]
[White "Hidalgo Prado, David"]
[Black "Bachiller Guitian, Eduardo"]
[Result "1-0"]
[WhiteElo "1407"]
[BlackElo "1501"]
[PlyCount "37"]
[EventDate "2012.12.01"]
[EventType "swiss"]
[EventRounds "9"]
[EventCountry "ESP"]
[Source "lmi"]
[SourceDate "2012.12.01"]

1. e4 e6 2. d4 d5 3. Nc3 c5 4. dxc5 Bxc5 5. exd5 exd5 6. Qxd5 Qxd5 7. Nxd5 Bd6
8. Bf4 Bxf4 9. Nxf4 Nf6 10. O-O-O O-O 11. Bd3 Bd7 12. Nge2 b5 13. Nc3 a6 14. f3
b4 15. Ncd5 Nxd5 16. Nxd5 Nc6 17. Nb6 Ra7 18. Nxd7 Rxd7 19. Bxh7+ 1-0

[Event "14. Abierto de la Constitucion"]
[Site "San Sebastian delos Reyes ESP"]
[Date "2012.12.04"]
[Round "4.1"]
[White "Adan Bermudez, Sergio"]
[Black "Lopez De Turiso, Jose Angel"]
[Result "1-0"]
[WhiteElo "2285"]
[BlackElo "2070"]
[PlyCount "83"]
[EventDate "2012.12.01"]
[EventType "swiss"]
[EventRounds "9"]
[EventCountry "ESP"]
[Source "lmi"]
[SourceDate "2012.12.01"]

1. c4 f5 2. g3 Nf6 3. Bg2 d6 4. Nc3 g6 5. d3 Bg7 6. e4 fxe4 7. dxe4 O-O 8. Nge2
c5 9. O-O Nc6 10. h3 Be6 11. Nd5 Qd7 12. Kh2 Ne5 13. Nef4 Bf7 14. Qe2 Nc6 15.
Be3 e6 16. Nxf6+ Bxf6 17. Rad1 Nd4 18. Qg4 Kh8 19. Nd5 Bg7 20. Bg5 Be8 21. Nc3
a6 22. Qh4 Rb8 23. a4 Qf7 24. Be7 Bf6 25. Bxf6+ Qxf6 26. Qxf6+ Rxf6 27. e5 dxe5
28. Ne4 Rf7 29. Nxc5 Rc7 30. b4 a5 31. Rfe1 Nc2 32. Rxe5 Nxb4 33. Rd6 b6 34.
Nxe6 Rxc4 35. Nd8 Bxa4 36. Re7 Bb5 37. Nf7+ Kg8 38. Nh6+ Kh8 39. Bf1 Nc6 40.
Rc7 Rd4 41. Bxb5 Rd8 42. Rcxc6 1-0

[Event "14. Abierto de la Constitucion"]
[Site "San Sebastian delos Reyes ESP"]
[Date "2012.12.04"]
[Round "4.2"]
[White "Moreno Ruiz, Javier"]
[Black "Gomez Ferrer, Jesus"]
[Result "1-0"]
[WhiteElo "2492"]
[BlackElo "1968"]
[PlyCount "85"]
[EventDate "2012.12.01"]
[EventType "swiss"]
[EventRounds "9"]
[EventCountry "ESP"]
[Source "lmi"]
[SourceDate "2012.12.01"]

1. d4 Nf6 2. c4 e6 3. Nc3 Bb4 4. e3 O-O 5. Nge2 c5 6. a3 Bxc3+ 7. Nxc3 b6 8.
Be2 Bb7 9. O-O d5 10. dxc5 bxc5 11. cxd5 exd5 12. b4 cxb4 13. axb4 Nc6 14. b5
Ne5 15. Qd4 Qc7 16. Ba3 Rfc8 17. Bb4 Nc4 18. Rxa7 Rxa7 19. Qxa7 Nd2 20. Rd1
Nde4 21. Nxe4 Nxe4 22. f3 Ng5 23. Qd4 Ne6 24. Qd2 g6 25. Ba3 Qb6 26. Bb2 h5 27.
Kh1 Kh7 28. Rc1 Re8 29. Bf1 Rd8 30. Rd1 Rc8 31. Qf2 Ng7 32. Bd4 Qe6 33. Re1 Qf5
34. Qh4 g5 35. Qg3 h4 36. Qe5 Qxe5 37. Bxe5 Ne6 38. Bd3+ Kg8 39. h3 Kf8 40. Ra1
Ra8 41. Rxa8+ Bxa8 42. Bf6 Ke8 43. Bf5 1-0

[Event "14. Abierto de la Constitucion"]
[Site "San Sebastian delos Reyes ESP"]
[Date "2012.12.04"]
[Round "4.3"]
[White "Garcia-Ruiz Fuentes, Angel M"]
[Black "Almagro Llamas, Pablo"]
[Result "0-1"]
[WhiteElo "1968"]
[BlackElo "2442"]
[PlyCount "78"]
[EventDate "2012.12.01"]
[EventType "swiss"]
[EventRounds "9"]
[EventCountry "ESP"]
[Source "lmi"]
[SourceDate "2012.12.01"]

1. e4 c5 2. Nf3 d6 3. d4 cxd4 4. Nxd4 Nf6 5. Nc3 Nc6 6. Bc4 Qb6 7. Nb3 e6 8.
Be3 Qc7 9. f4 a6 10. a4 b6 11. O-O Be7 12. Bd3 Bb7 13. Qf3 Nb4 14. Qg3 h5 15.
h3 g6 16. Bd4 Rg8 17. e5 Nd7 18. f5 Nxd3 19. cxd3 h4 20. Qg4 exf5 21. Rxf5 dxe5
22. Re1 f6 23. Ne4 Qc6 24. Bc3 Qd5 25. Nxf6+ Nxf6 26. Rxf6 Bxf6 27. Bxe5 Bxe5
28. d4 Qxb3 29. Rxe5+ Kd8 30. d5 Qg3 31. Qe6 Kc7 32. Qf7+ Kb8 33. Qxg8+ Ka7 34.
Qe6 Rc8 35. Re1 Rc2 36. Qe4 Rxg2+ 37. Qxg2 Qxe1+ 38. Kh2 Qe5+ 39. Kg1 Bxd5 0-1

[Event "14. Abierto de la Constitucion"]
[Site "San Sebastian delos Reyes ESP"]
[Date "2012.12.04"]
[Round "4.4"]
[White "Camarero Izquierdo, Juan C"]
[Black "Valles Moreno, Ivan"]
[Result "0-1"]
[WhiteElo "1924"]
[BlackElo "2382"]
[PlyCount "68"]
[EventDate "2012.12.01"]
[EventType "swiss"]
[EventRounds "9"]
[EventCountry "ESP"]
[Source "lmi"]
[SourceDate "2012.12.01"]

1. d4 d6 2. Nc3 g6 3. e4 c6 4. f4 d5 5. e5 h5 6. Nf3 Bg4 7. Qd3 e6 8. Bd2 Bf5
9. Qe3 Bxc2 10. Bd3 Bxd3 11. Qxd3 Nh6 12. Ng5 Nf5 13. O-O-O Qb6 14. Be3 Qa6 15.
Qd2 Nd7 16. Kb1 b5 17. Ne2 Nb6 18. Bf2 Nc4 19. Qc1 Rb8 20. Ng3 Rb6 21. Nxf5
gxf5 22. g4 hxg4 23. h3 g3 24. Be1 c5 25. Qc3 g2 26. Rg1 b4 27. Qf3 cxd4 28.
Rxg2 Ne3 29. Rxd4 Nxg2 30. Qxg2 Rc6 31. h4 Bc5 32. Rxd5 Be3 33. Bd2 exd5 34.
Qxd5 Qf1+ 0-1

[Event "14. Abierto de la Constitucion"]
[Site "San Sebastian delos Reyes ESP"]
[Date "2012.12.04"]
[Round "4.5"]
[White "Santamaria Farran, Pablo"]
[Black "Bustos Serrano, Doroteo"]
[Result "1/2-1/2"]
[WhiteElo "1880"]
[BlackElo "2098"]
[PlyCount "34"]
[EventDate "2012.12.01"]
[EventType "swiss"]
[EventRounds "9"]
[EventCountry "ESP"]
[Source "lmi"]
[SourceDate "2012.12.01"]

1. e4 e5 2. Nf3 f5 3. Nxe5 Qf6 4. Nc4 fxe4 5. Nc3 d6 6. Ne3 Qg6 7. d3 exd3 8.
Bxd3 Qf7 9. O-O Be6 10. Ned5 Bxd5 11. Nxd5 Nc6 12. Re1+ Kd8 13. Qe2 Ne5 14.
Bg5+ Nf6 15. Bc4 Qg6 16. f4 Nxc4 17. Qxc4 c6 1/2-1/2

[Event "14. Abierto de la Constitucion"]
[Site "San Sebastian delos Reyes ESP"]
[Date "2012.12.04"]
[Round "4.6"]
[White "Rubio Mejia, Luis Ignacio"]
[Black "Plazuelo Pascual, Juan"]
[Result "1-0"]
[WhiteElo "2432"]
[BlackElo "1851"]
[PlyCount "71"]
[EventDate "2012.12.01"]
[EventType "swiss"]
[EventRounds "9"]
[EventCountry "ESP"]
[Source "lmi"]
[SourceDate "2012.12.01"]

1. d4 d5 2. c4 c6 3. Nc3 Nf6 4. Nf3 e6 5. Bg5 Nbd7 6. e3 Qa5 7. cxd5 Nxd5 8.
Qd2 Bb4 9. Rc1 h6 10. Bh4 O-O 11. Bd3 Re8 12. a3 Bxc3 13. bxc3 Qxa3 14. e4 Ne7
15. O-O Ng6 16. Ra1 Qf8 17. Bg3 b6 18. h4 Bb7 19. h5 Ne7 20. Bd6 Rec8 21. c4
Qd8 22. Qf4 Nf8 23. c5 f6 24. Nh2 Qd7 25. Ra3 Nh7 26. Rfa1 bxc5 27. dxc5 a6 28.
Bc4 Kh8 29. Qg4 f5 30. Qh4 Re8 31. Nf3 fxe4 32. Ne5 Nf5 33. Qxe4 Nf6 34. Qb1
Qc8 35. Ng6+ Kg8 36. Qxf5 1-0

[Event "14. Abierto de la Constitucion"]
[Site "San Sebastian delos Reyes ESP"]
[Date "2012.12.04"]
[Round "4.7"]
[White "Martinez Montalvo, Eduardo"]
[Black "Cerrato Torrijos, Maria"]
[Result "0-1"]
[WhiteElo "1800"]
[BlackElo "2124"]
[PlyCount "42"]
[EventDate "2012.12.01"]
[EventType "swiss"]
[EventRounds "9"]
[EventCountry "ESP"]
[Source "lmi"]
[SourceDate "2012.12.01"]

1. e4 c5 2. b3 e5 3. Bb2 Nc6 4. Bc4 g6 5. Ne2 Bg7 6. O-O Nge7 7. f4 d5 8. exd5
Nxd5 9. fxe5 Nxe5 10. Rxf7 Kxf7 11. Nbc3 Nxc4 12. Qf1+ Nf6 13. bxc4 Rf8 14. Nd5
Kg8 15. Nxf6+ Bxf6 16. Bxf6 Qxf6 17. Qxf6 Rxf6 18. Ng3 Bf5 19. Nxf5 Rxf5 20.
Re1 Kf7 21. g3 Re8 0-1

[Event "14. Abierto de la Constitucion"]
[Site "San Sebastian delos Reyes ESP"]
[Date "2012.12.04"]
[Round "4.8"]
[White "Vukotic Jovsic, Dragan"]
[Black "Barroso Barroso, Jorge"]
[Result "1-0"]
[WhiteElo "2010"]
[BlackElo "1853"]
[PlyCount "87"]
[EventDate "2012.12.01"]
[EventType "swiss"]
[EventRounds "9"]
[EventCountry "ESP"]
[Source "lmi"]
[SourceDate "2012.12.01"]

1. d4 Nf6 2. Bf4 g6 3. Nf3 Bg7 4. e3 d5 5. Be2 O-O 6. Nc3 c5 7. Nb5 Na6 8. c3
Bd7 9. a4 Qb6 10. Bc7 Nxc7 11. a5 Qxb5 12. Bxb5 Bxb5 13. Ne5 Nd7 14. Nxd7 Bxd7
15. O-O cxd4 16. exd4 Bc6 17. Re1 e6 18. h4 a6 19. h5 Ne8 20. hxg6 hxg6 21. Qg4
Nf6 22. Qh4 Ne4 23. f3 Nd6 24. Qf4 Nf5 25. Kf2 Bh6 26. Qh2 Kg7 27. g4 Rh8 28.
Qe5+ Kg8 29. gxf5 exf5 30. Qc7 Bg5 31. Rh1 Bh4+ 32. Ke2 Re8+ 33. Kd2 Kg7 34. b3
Re6 35. Qf4 g5 36. Qxf5 Rhe8 37. Rh2 Bd7 38. Qc2 f5 39. Rg1 Kf6 40. Rgg2 Be1+
41. Kd1 Bg3 42. Rh6+ Kg7 43. Rxe6 Rh8 44. Re7+ 1-0

[Event "14. Abierto de la Constitucion"]
[Site "San Sebastian delos Reyes ESP"]
[Date "2012.12.04"]
[Round "4.9"]
[White "Martinez Miura, Enrique"]
[Black "Esquivias Gomez, Francisco J"]
[Result "0-1"]
[WhiteElo "1741"]
[BlackElo "1981"]
[PlyCount "70"]
[EventDate "2012.12.01"]
[EventType "swiss"]
[EventRounds "9"]
[EventCountry "ESP"]
[Source "lmi"]
[SourceDate "2012.12.01"]

1. e4 e5 2. Nf3 d5 3. exd5 e4 4. Qe2 Nf6 5. d3 Bb4+ 6. c3 O-O 7. dxe4 Bc5 8.
Bg5 h6 9. Bxf6 Qxf6 10. Nbd2 b6 11. O-O-O a5 12. e5 Qd8 13. Ne4 Ba6 14. Qc2
Bxf1 15. Rhxf1 Na6 16. d6 Qd7 17. h3 cxd6 18. Nxc5 Nxc5 19. Rxd6 Qb7 20. Rfd1
a4 21. R1d4 a3 22. b4 Ne6 23. Rg4 Rfc8 24. Kb1 b5 25. Qd3 Qc7 26. Nd4 Nxd4 27.
Rgxd4 Qe7 28. f4 Qe8 29. Rd7 g6 30. R4d6 h5 31. Rxg6+ fxg6 32. Qd5+ Kh8 33. e6
Qf8 34. Qe5+ Kg8 35. Qg5 Qf5+ 0-1

[Event "14. Abierto de la Constitucion"]
[Site "San Sebastian delos Reyes ESP"]
[Date "2012.12.04"]
[Round "4.10"]
[White "Marcos Herrero, Francisco"]
[Black "Perez Gonzalez, Jesus Miguel"]
[Result "1-0"]
[WhiteElo "1923"]
[BlackElo "1809"]
[PlyCount "111"]
[EventDate "2012.12.01"]
[EventType "swiss"]
[EventRounds "9"]
[EventCountry "ESP"]
[Source "lmi"]
[SourceDate "2012.12.01"]

1. d4 d5 2. Nf3 Nf6 3. g3 Bg4 4. Bg2 Nbd7 5. O-O e6 6. Nbd2 Bd6 7. b3 h6 8. h3
Bf5 9. Bb2 O-O 10. c4 c6 11. Rc1 Qe7 12. Ne5 Bh7 13. Re1 Bc7 14. Nxd7 Qxd7 15.
e4 Ba5 16. Bc3 Bxc3 17. Rxc3 dxc4 18. Nxc4 Rfd8 19. Rd3 Qc7 20. Rd2 Rac8 21. e5
Nd5 22. Nd6 Rb8 23. Bxd5 cxd5 24. Qc1 Rd7 25. Qb2 Qb6 26. Rc1 Rbd8 27. Qc3 Bg6
28. Rdd1 a6 29. Qc5 Qxc5 30. Rxc5 f6 31. f4 fxe5 32. dxe5 Kh7 33. Kf2 Be8 34.
Ke3 h5 35. Rdc1 Kg6 36. Rc7 Bf7 37. Nxb7 Rxc7 38. Rxc7 d4+ 39. Kd3 Rd5 40. Nd6
Bg8 41. Rc4 Kh6 42. Rxd4 Rc5 43. Nc4 Bh7+ 44. Kc3 Bf5 45. h4 Bg4 46. Rd6 a5 47.
Ra6 Rd5 48. Rxa5 Rd1 49. b4 Bf5 50. b5 Rd3+ 51. Kb4 Rxg3 52. Ra3 Rg1 53. Nd6
Bg4 54. b6 Rf1 55. b7 Rxf4+ 56. Kc5 1-0

[Event "14. Abierto de la Constitucion"]
[Site "San Sebastian delos Reyes ESP"]
[Date "2012.12.04"]
[Round "4.11"]
[White "Minguela Muñoz, Bienvenido"]
[Black "Alfaya Marcelo, Roberto"]
[Result "0-1"]
[WhiteElo "1898"]
[BlackElo "1758"]
[PlyCount "62"]
[EventDate "2012.12.01"]
[EventType "swiss"]
[EventRounds "9"]
[EventCountry "ESP"]
[Source "lmi"]
[SourceDate "2012.12.01"]

1. d4 Nf6 2. Nf3 g6 3. c4 Bg7 4. Nc3 O-O 5. e4 d6 6. Bg5 h6 7. Be3 e5 8. dxe5
dxe5 9. h3 Nbd7 10. Qd2 Kh7 11. O-O-O Re8 12. c5 c6 13. Bc4 Qe7 14. Qd6 Nh5 15.
g3 Bf8 16. Nh4 Qxd6 17. cxd6 Kg7 18. Bxh6+ Kxh6 19. Bxf7 Rd8 20. Bxg6 Ndf6 21.
f4 exf4 22. e5 Nxg3 23. Rhe1 Nd5 24. Nxd5 cxd5 25. Bf7 Bxh3 26. Rxd5 Rac8+ 27.
Kd2 Kg7 28. e6 Bxd6 29. e7 Bb4+ 30. Kd3 Rxd5+ 31. Bxd5 Bxe1 0-1